Estadísticas para Entrenadores LaLiga 2023/24

Haz click aquí para intentar la prueba.

Estadísticas generales

  • Esta prueba ha sido intentada 127 veces
    (75 desde el último reinicio)
  • La puntuación promedio es 14 de 20

Estadísticas de respuestas

EquiposEntrenadores% Correcto
Real MadridCarlo Ancelotti
98%
Atlético de MadridDiego Pablo Simeone
98%
BarcelonaXavi Hernández
98%
Real BetisManuel Pellegrini
92%
Athletic ClubErnesto Valverde
87%
Real SociedadImanol Alguacil
85%
GironaMiguel Ángel "Michel"
84%
GetafeJosé Bordalás
77%
Celta de VigoRafael Benítez
77%
MallorcaJavier Aguirre
76%
VillarealMarcelino García Toral
74%
ValenciaRubén Baraja
74%
Las PalmasGarcía Pimienta
66%
OsasunaJagoba Arrasate
66%
SevillaQuique Sánchez Flores
66%
AlmeríaGaizka Garitano
47%
AlavésLuis García Plaza
45%
CádizSergio González
35%
GranadaAlexander Medina
19%
Rayo VallecanoFrancisco Rodríguez
18%

Distribución de puntuación

Porcentaje por número respondido

Porcentaje de gente con cada puntuación

Historial de tus puntuaciones

No has intentado esta prueba desde el último reinicio